Fr. Conceicao Rodrigues College of Engineering

Software Engineering (Record no. 30552)

MARC details
000 -LEADER
fixed length control field 00280nam a2200133Ia 4500
082 ## - DEWEY DECIMAL CLASSIFICATION NUMBER
Classification number 5.1
Item number JAW
100 ## - MAIN ENTRY--PERSONAL NAME
Personal name Jawadekar/Waman S
245 ## - TITLE STATEMENT
Title Software Engineering
260 ## - PUBLICATION, DISTRIBUTION, ETC.
Name of publisher, distributor, etc. Tata Mc Graw hill
Date of publication, distribution, etc. 2004
300 ## - PHYSICAL DESCRIPTION
Extent 844
546 ## - LANGUAGE NOTE
Language note ENGLISH
654 ## - SUBJECT ADDED ENTRY--FACETED TOPICAL TERMS
Focus term software
942 ## - ADDED ENTRY ELEMENTS (KOHA)
Koha item type BOOK
Holdings
Withdrawn status Lost status Damaged status Not for loan Collection Home library Current library Date acquired Total Checkouts Full call number Barcode Date last seen Price effective from Koha item type
        CRC Fr. Agnel's C.Rodrigues College of Engineering Fr. Agnel's C.Rodrigues College of Engineering 17/03/2023   5.1 JAW 14988 17/03/2023 17/03/2023 BOOK
        CRC Fr. Agnel's C.Rodrigues College of Engineering Fr. Agnel's C.Rodrigues College of Engineering 17/03/2023   5.1 JAW 14989 17/03/2023 17/03/2023 BOOK